<?xml version="1.0" encoding="UTF-8"?>
<record
    xmlns:xsi="http://www.w3.org/2001/XMLSchema-instance"
    xsi:schemaLocation="http://www.loc.gov/MARC21/slim http://www.loc.gov/standards/marcxml/schema/MARC21slim.xsd"
    xmlns="http://www.loc.gov/MARC21/slim">

  <leader>00788nam a2200217Ia 4500</leader>
  <controlfield tag="003">OSt</controlfield>
  <controlfield tag="005">20240919103636.0</controlfield>
  <controlfield tag="008">210719s2008    xx            000 0 und d</controlfield>
  <datafield tag="040" ind1=" " ind2=" ">
    <subfield code="c">AL</subfield>
  </datafield>
  <datafield tag="041" ind1=" " ind2=" ">
    <subfield code="a">Tulu</subfield>
  </datafield>
  <datafield tag="082" ind1=" " ind2=" ">
    <subfield code="a">T894.1 BOLB</subfield>
  </datafield>
  <datafield tag="100" ind1=" " ind2=" ">
    <subfield code="a">BOLA CHITTARANJANDAS SHETTI</subfield>
    <subfield code="d">&#xCAC;&#xCCB;&#xCB3; &#xC9A;&#xCBF;&#xCA4;&#xCCD;&#xCA4;&#xCB0;&#xC82;&#xC9C;&#xCA8;&#xCCD; &#xCA6;&#xCBE;&#xCB8;&#xCCD;  &#xCB6;&#xCC6;&#xC9F;&#xCCD;&#xC9F;&#xCBF;</subfield>
    <subfield code="9">179490</subfield>
  </datafield>
  <datafield tag="245" ind1=" " ind2=" ">
    <subfield code="a">Binnedi: tammale aruvatta kattsiri paddana</subfield>
    <subfield code="b">&#xCAC;&#xCBF;&#xCA8;&#xCCD;&#xCA8;&#xCC6;&#xCA6;&#xCBF;: &#xCA4;&#xCAE;&#xCCD;&#xCAE;&#xCB2;&#xCC6; &#xC85;&#xCB0;&#xCC1;&#xCB5;&#xCA4;&#xCCD;&#xCA4; &#xC95;&#xC9F;&#xCCD;&#xC9F;&#xCB8;&#xCBF;&#xCB0;&#xCBF; &#xCAA;&#xCBE;&#xCA1;&#xCCD;&#xCA6;&#xCA8; </subfield>
  </datafield>
  <datafield tag="260" ind1=" " ind2=" ">
    <subfield code="a">MangaLUru</subfield>
    <subfield code="b">Nagashakti Prakashana</subfield>
    <subfield code="c">2008</subfield>
  </datafield>
  <datafield tag="300" ind1=" " ind2=" ">
    <subfield code="a">130</subfield>
    <subfield code="b">PB</subfield>
  </datafield>
  <datafield tag="365" ind1=" " ind2=" ">
    <subfield code="b">100</subfield>
    <subfield code="c">Rs</subfield>
  </datafield>
  <datafield tag="650" ind1=" " ind2=" ">
    <subfield code="a">Tulu Poetry</subfield>
    <subfield code="9">179491</subfield>
  </datafield>
  <datafield tag="650" ind1=" " ind2=" ">
    <subfield code="a">Tulu Poetry</subfield>
    <subfield code="9">179491</subfield>
  </datafield>
  <datafield tag="906" ind1=" " ind2=" ">
    <subfield code="a">aruvatta ; Binnedi: ; kattsiri ; pADdana ; tammale</subfield>
  </datafield>
  <datafield tag="942" ind1=" " ind2=" ">
    <subfield code="2">ddc</subfield>
    <subfield code="c">BK</subfield>
  </datafield>
  <datafield tag="999" ind1=" " ind2=" ">
    <subfield code="c">215369</subfield>
    <subfield code="d">215369</subfield>
  </datafield>
  <datafield tag="952" ind1=" " ind2=" ">
    <subfield code="0">0</subfield>
    <subfield code="1">0</subfield>
    <subfield code="4">0</subfield>
    <subfield code="7">0</subfield>
    <subfield code="8">Tulu</subfield>
    <subfield code="a">AL</subfield>
    <subfield code="b">AL</subfield>
    <subfield code="d">2011-12-20</subfield>
    <subfield code="e">Central Institute of Indian Languages | General Annual</subfield>
    <subfield code="g">100.00</subfield>
    <subfield code="l">0</subfield>
    <subfield code="o">T894.1 BOLB</subfield>
    <subfield code="p">D04001</subfield>
    <subfield code="r">2021-07-19 00:00:00</subfield>
    <subfield code="w">2021-07-19</subfield>
    <subfield code="y">DB</subfield>
  </datafield>
</record>
